Extensions (Record no. 111742)

MARC details
000 -LEADER
fixed length control field 01288cad a22002055a 4500
001 - CONTROL NUMBER
control field E151937
008 - FIXED-LENGTH DATA ELEMENTS--GENERAL INFORMATION
fixed length control field 110111s2010 xxk f 000 0 eng d
035 ## - SYSTEM CONTROL NUMBER
System control number (Sirsi) u151937
041 0# - LANGUAGE CODE
Language code of text/sound track or separate title eng
110 2# - MAIN ENTRY--CORPORATE NAME
Corporate name or jurisdiction name as entry element Historic Scotland
9 (RLIN) 2914
245 00 - TITLE STATEMENT
Title Extensions
Medium [electronic resource]
260 ## - PUBLICATION, DISTRIBUTION, ETC.
Place of publication, distribution, etc. Edinburgh
Name of publisher, distributor, etc. Historic Scotland
Date of publication, distribution, etc. 2010
490 #0 - SERIES STATEMENT
Series statement Managing Change in the Historic Environment
520 ## - SUMMARY, ETC.
Summary, etc. Outlines the principles to be taken into account when dealing with plans to extend historic buildings. Should be used to inform planning policies and to assist with determining applications relating to the historic environment. Supersedes the equivalent guidance in "The Memorandum of Guidance on Listed Buildings & Conservation Areas" (1998). One of a series of guidance notes produced by Historic Scotland which illustrate the application of policies contained in the "Scottish Historic Environment Policy" (see E145752) and "The Scottish Planning Policy" (see E149213).
590 ## - LOCAL NOTE (RLIN)
Local note KA
651 #4 - SUBJECT ADDED ENTRY--GEOGRAPHIC NAME
Geographic name Scotland
Chronological subdivision 1999-
690 ## - LOCAL SUBJECT ADDED ENTRY--TOPICAL TERM (OCLC, RLIN)
Topical term or geographic name as entry element BUILT ENVIRONMENT-BUILDING TYPES-ANCIENT MONUMENTS AND HISTORIC BUILDINGS
856 40 - ELECTRONIC LOCATION AND ACCESS
Uniform Resource Identifier <a href="https://www.historic-scotland.gov.uk/index/heritage/policy/managingchange.htm">https://www.historic-scotland.gov.uk/index/heritage/policy/managingchange.htm</a>
Public note View the item free of charge at www.historic-scotland.gov.uk
942 ## - ADDED ENTRY ELEMENTS (KOHA)
Suppress in OPAC 0
Holdings
Withdrawn status Lost status Source of classification or shelving scheme Damaged status Not for loan Home library Current library Shelving location Date acquired Total Checkouts Full call number Barcode Date last seen Copy number Price effective from Koha item type
    Dewey Decimal Classification     Virtual Virtual Online 11/01/2011   ONLINE PUBLICATION 151937-1001 06/08/2019 1 06/08/2019 Book